000 01975nam0a2200445 4500
001 RU\NLR\BIBL_A\012435728
005 20210203171955.0
010 _a978-5-907307-34-6
021 _aRU
_bКН-П-20-056325
_9КН-П-20-4197
035 _a(NLR Aleph) 012435728
035 _a(RuMoRGB)010429360
090 _a11899245
_c11899245
100 _a20210119d2021 k y0rusy50 ca
101 0 _arus
102 _aRU
105 _aac z 000zy
181 0 _ai
_baxxe
182 0 _an
200 1 _aНЕ едет НЕ красная НЕ машина!
_eкак понять дошкольника
_fЕкатерина Бурмистрова
203 _aТекст
_bвизуальный
_cнепосредственный
210 _aМосква
_cНикея
_d2021 [т. е. 2020]
215 _a270, [1] с.
_cил., портр.
_d19
300 _aНа 264-й с. авт.: Е. Бурмистрова, психолог, психотерапевт
300 _aКн. фактически изд. в 2020 г.
320 _aДр. кн. авт. на 264-й с.
333 _a12+
606 1 _aДошкольники
_xПоведение
_xПсихологические исследования
_2nlr_sh1
_2nlr_sh2
_3RU\NLR\AUTH\66393906
606 1 _aДети и родители
_xПсихологическая служба
_2nlr_sh1
_2nlr_sh2
_3RU\NLR\AUTH\661270599
606 1 _aДошкольники
_xВоспитание в семье
_2nlr_sh2
_3RU\NLR\AUTH\66241462
610 0 _aвоспитание дошкольников
610 0 _aпроблемы воспитания детей
686 1 _aЮ983.620.1
686 1 _aЮ984.92
686 1 _aЧ491.31-1
700 1 _aБурмистрова
_bЕ. А.
_f1973-
_gЕкатерина Алексеевна
942 _cBOOK
980 _aNB